Unspeakable inequalities: post feminism, entrepreneurial subjectivity, and the repudiation of sexism among cultural workers /
Tallennettuna:
| Päätekijä: | |
|---|---|
| Aineistotyyppi: | Teksti |
| Tagit: |
Lisää tagi
Ei tageja, Lisää ensimmäinen tagi!
|
MARC
| LEADER | 00000 a a2200000 04500 | ||
|---|---|---|---|
| 001 | 47401 | ||
| 003 | |||
| 040 | |||
| 100 | |a Gill, Rosalind | ||
| 245 | |a Unspeakable inequalities: |b post feminism, entrepreneurial subjectivity, and the repudiation of sexism among cultural workers / |c Rosalind Gill | ||
| 773 | |g volumen21, número4, (2014), páginas 509-528 | ||
| 999 | |c 22444 |d 22444 | ||
